[Event "PRO League Stage"]
[Site "Chess.com INT"]
[Date "2017.02.11"]
[Round "5"]
[White "Yeager, Daniel A"]
[Black "Abhishek, Kelkar"]
[Result "1/2-1/2"]
[WhiteElo "2280"]
[BlackElo "2381"]
[PlyCount "89"]
[EventDate "2017.01.11"]
[EventType "team-swiss (rapid)"]
[EventRounds "7"]
[EventCountry "USA"]
[SourceTitle "CBM 176 Extra"]
[Source "ChessBase"]
[SourceDate "2017.03.02"]
[SourceVersion "1"]
[SourceVersionDate "2017.03.02"]
[SourceQuality "1"]
[WhiteTeam "Montclair Sopranos"]
[BlackTeam "Mumbai Movers"]
[WhiteTeamCountry "USA"]
[BlackTeamCountry "IND"]

1. c4 c6 2. d4 d5 3. e3 Nf6 4. Nc3 a6 5. Nf3 Bf5 6. Bd3 Bxd3 7. Qxd3 e6 8. 0-0 Be7 9. e4 dxe4 10. Nxe4 Nxe4 11. Qxe4 0-0 12. Bf4 Nd7 13. Qc2 Re8 14. Rab1 Qa5 15. Bd2 Qh5 16. Rfe1 Rad8 17. h3 Bf6 18. Bc3 Rc8 19. Ne5 Nxe5 20. dxe5 Be7 21. Rbd1 Rcd8 22. Ba5 Rxd1 23. Qxd1 Qf5 24. Qd7 Kf8 25. Qxb7 Bc5 26. Rf1 Qxe5 27. Qxc6 Bxf2+ 28. Rxf2 Qxa5 29. Qd6+ Kg8 30. b4 Qa3 31. Qc6 Rb8 32. Qd7 Rf8 33. c5 Qxb4 34. c6 Qc5 35. c7 g6 36. Kf1 Qc1+ 37. Ke2 Qc2+ 38. Kf3 Qf5+ 39. Ke3 Qc5+ 40. Ke2 Qc2+ 41. Ke3 Qc5+ 42. Ke2 Qc2+ 43. Ke3 Qc5+ 44. Ke2 Qc2+ 45. Ke3 1/2-1/2

[Event "PRO League Stage"]
[Site "Chess.com INT"]
[Date "2017.02.11"]
[Round "5"]
[White "Yeager, Daniel A"]
[Black "Vidit, Santosh Gujrathi"]
[Result "0-1"]
[WhiteElo "2280"]
[BlackElo "2673"]
[PlyCount "44"]
[EventDate "2017.01.11"]
[EventType "team-swiss (rapid)"]
[EventRounds "7"]
[EventCountry "USA"]
[SourceTitle "CBM 176 Extra"]
[Source "ChessBase"]
[SourceDate "2017.03.02"]
[SourceVersion "1"]
[SourceVersionDate "2017.03.02"]
[SourceQuality "1"]
[WhiteTeam "Montclair Sopranos"]
[BlackTeam "Mumbai Movers"]
[WhiteTeamCountry "USA"]
[BlackTeamCountry "IND"]

1. c4 e5 2. Nc3 Nf6 3. Nf3 Nc6 4. e3 Bb4 5. Qc2 0-0 6. a3 Bxc3 7. Qxc3 Re8 8. Be2 d5 9. cxd5 Nxd5 10. Qc4 e4 11. Nd4 Ne5 12. Qc2 Nf4 13. 0-0 Nxe2+ 14. Nxe2 b6 15. Qxe4 Ba6 16. f4 Bd3 17. Qd4 Bxe2 18. fxe5 Qxd4 19. exd4 Bxf1 20. Kxf1 Rad8 21. Ke2 Rxd4 22. Ke3 c5 0-1

[Event "World op 43rd"]
[Site "Arlington"]
[Date "2015.07.05"]
[Round "8"]
[White "Troff, Kayden W"]
[Black "Yeager, Daniel A"]
[Result "1-0"]
[WhiteElo "2545"]
[BlackElo "2306"]
[PlyCount "67"]
[EventDate "2015.07.01"]
[EventType "swiss"]
[EventRounds "9"]
[EventCountry "USA"]
[SourceTitle "CBM 167 Extra"]
[Source "ChessBase"]
[SourceDate "2015.09.14"]
[SourceVersion "1"]
[SourceVersionDate "2015.09.14"]
[SourceQuality "1"]

1. d4 Nf6 2. c4 e6 3. Nf3 Bb4+ 4. Nbd2 b6 5. a3 Bxd2+ 6. Qxd2 Bb7 7. e3 0-0 8. Be2 d6 9. 0-0 Nbd7 10. b4 Qe7 11. Bb2 c5 12. Rfd1 cxd4 13. exd4 Rac8 14. Qe3 Ba6 15. b5 Bb7 16. a4 Qd8 17. Ba3 Qc7 18. Rac1 Rfe8 19. Nh4 Be4 20. f3 Bb7 21. Qf4 e5 22. dxe5 dxe5 23. Qe3 Nc5 24. Nf5 Re6 25. Rd2 g6 26. Qg5 Nb3 27. Bd6 Qd8 28. Rcd1 Nxd2 29. Rxd2 Nd7 30. Be7 Qe8 31. c5 f6 32. Bc4 fxg5 33. Bxe6+ Kh8 34. Rxd7 1-0

[Event "USA-chT Amateur East"]
[Site "Parsippany"]
[Date "2012.02.20"]
[Round "6"]
[White "Yeager, Daniel A"]
[Black "Ramirez Alvarez, Alejandro"]
[Result "0-1"]
[WhiteElo "2301"]
[BlackElo "2594"]
[PlyCount "42"]
[EventDate "2012.02.18"]
[EventType "team-swiss"]
[EventRounds "6"]
[EventCountry "USA"]
[SourceTitle "CBM 147 Extra"]
[Source "ChessBase"]
[SourceDate "2012.04.24"]
[SourceVersion "1"]
[SourceVersionDate "2012.04.24"]
[SourceQuality "1"]

1. d4 Nf6 2. c4 c5 3. d5 b5 4. Nf3 b4 5. Nbd2 g6 6. e4 d6 7. Bd3 Bg7 8. 0-0 0-0 9. Re1 e5 10. dxe6 Bxe6 11. Qc2 Nbd7 12. b3 a5 13. Bb2 a4 14. bxa4 Qa5 15. e5 dxe5 16. Nxe5 Nxe5 17. Bxe5 Qxa4 18. Nb3 Rfc8 19. Re2 Ra7 20. Qb2 Ne8 21. Bxg7 Nxg7 0-1

[Event "Philadelphia op"]
[Site "Philadelphia"]
[Date "2011.04.24"]
[Round "8"]
[White "Yeager, Daniel A"]
[Black "Kekelidze, Mikheil"]
[Result "1/2-1/2"]
[WhiteElo "2289"]
[BlackElo "2460"]
[PlyCount "82"]
[EventDate "2011.04.20"]
[EventType "swiss"]
[EventRounds "9"]
[EventCountry "USA"]
[SourceTitle "CBM 141 Extra"]
[Source "ChessBase"]
[SourceDate "2011.05.03"]
[SourceVersion "1"]
[SourceVersionDate "2011.05.03"]
[SourceQuality "1"]

1. d4 Nf6 2. c4 e6 3. g3 c5 4. d5 exd5 5. cxd5 d6 6. Nc3 g6 7. Bg2 Bg7 8. Nf3 0-0 9. 0-0 Re8 10. Nd2 Nbd7 11. Nc4 Nb6 12. Nxb6 Qxb6 13. h3 Bd7 14. e4 Qa6 15. Qf3 Bb5 16. Re1 Bd3 17. Bf4 Nd7 18. Bxd6 Bxc3 19. bxc3 Bxe4 20. Rxe4 Qxd6 21. Rae1 Nf6 22. Rxe8+ Rxe8 23. Rxe8+ Nxe8 24. Qe4 Kf8 25. Qb1 Qc7 26. c4 Nd6 27. Bf1 Ke7 28. Qb2 Nf5 29. Qh8 h5 30. h4 Nd4 31. Kg2 Qb6 32. Qe5+ Kd7 33. Qg7 Ke8 34. Qe5+ Kd8 35. Qh8+ Kd7 36. Qg7 Ke7 37. Qe5+ Kd7 38. Qg7 Ke7 39. Qe5+ Kd7 40. Qg7 Ke7 41. Qe5+ Kd7 1/2-1/2

[Event "Philadelphia op"]
[Site "Philadelphia"]
[Date "2011.04.22"]
[Round "4"]
[White "Yeager, Daniel A"]
[Black "Schwartz, Maxwell"]
[Result "1-0"]
[WhiteElo "2289"]
[BlackElo "2090"]
[PlyCount "89"]
[EventDate "2011.04.20"]
[EventType "swiss"]
[EventRounds "9"]
[EventCountry "USA"]
[SourceTitle "CBM 141 Extra"]
[Source "ChessBase"]
[SourceDate "2011.05.03"]
[SourceVersion "1"]
[SourceVersionDate "2011.05.03"]
[SourceQuality "1"]

1. d4 Nf6 2. c4 Nc6 3. Nf3 e6 4. a3 d6 5. Nc3 g6 6. e4 Bg7 7. h3 0-0 8. Be3 Re8 9. Bd3 e5 10. d5 Ne7 11. g4 c6 12. b4 cxd5 13. cxd5 Bd7 14. Nd2 Nc8 15. Nc4 Re7 16. a4 Be8 17. b5 Nb6 18. Nd2 Rc7 19. Na2 Nbd7 20. Nb3 Rac8 21. f3 Nb6 22. Nd2 Nbd7 23. a5 Nc5 24. Be2 Kh8 25. h4 Ng8 26. Nb4 Bf6 27. g5 Be7 28. a6 b6 29. Nc6 Bxc6 30. bxc6 f6 31. Rg1 Bf8 32. Nc4 Rf7 33. Na3 f5 34. Qc2 Bg7 35. Nb5 Bf8 36. Bf1 Bg7 37. Ke2 Bf8 38. Bh3 Ne7 39. Bxc5 bxc5 40. Nxa7 Rb8 41. Rgb1 Bg7 42. Nb5 Ra8 43. Nc3 Qc8 44. Rb7 Bf8 45. Nb5 1-0

[Event "Pan American Intercollegiate-chT"]
[Site "South Padre Island"]
[Date "2009.12.28"]
[Round "2"]
[White "Ramachandran, Karthik"]
[Black "Yeager, Daniel A"]
[Result "0-1"]
[WhiteElo "1649"]
[BlackElo "2259"]
[PlyCount "64"]
[EventDate "2009.12.27"]
[EventType "team-swiss"]
[EventRounds "6"]
[EventCountry "USA"]
[SourceTitle "CBM 134 Extra"]
[Source "ChessBase"]
[SourceDate "2010.03.03"]
[SourceVersion "1"]
[SourceVersionDate "2010.03.03"]
[SourceQuality "1"]

1. d4 c5 2. e4 cxd4 3. Nf3 d6 4. Nxd4 Nf6 5. Nc3 a6 6. Be2 e5 7. Nb3 Be7 8. 0-0 0-0 9. Be3 Be6 10. f4 exf4 11. Bxf4 Nc6 12. Kh1 Ne8 13. Nd5 Bg5 14. Nd4 Bxd5 15. exd5 Nxd4 16. Qxd4 Bxf4 17. Rxf4 Nf6 18. Bd3 Nd7 19. Bf5 Ne5 20. Raf1 Qc7 21. Qf2 Rfe8 22. c4 g6 23. Bb1 f5 24. Bxf5 gxf5 25. Rxf5 Qg7 26. Qf4 Rf8 27. g4 Rxf5 28. gxf5 Qf6 29. b3 Kh8 30. Qe3 Rg8 31. Qe4 Ng4 32. Qe6 Nf2+ 0-1

[Event "Dallas UTD-B"]
[Site "Dallas"]
[Date "2009.11.29"]
[Round "9"]
[White "Bryant, John Daniel"]
[Black "Yeager, Daniel A"]
[Result "1-0"]
[WhiteElo "2359"]
[BlackElo "2259"]
[PlyCount "59"]
[EventDate "2009.11.21"]
[EventType "tourn"]
[EventRounds "9"]
[EventCountry "USA"]
[EventCategory "2"]
[SourceTitle "CBM 133 Extra"]
[Source "ChessBase"]
[SourceDate "2010.01.05"]
[SourceVersion "1"]
[SourceVersionDate "2010.01.05"]
[SourceQuality "1"]

1. e4 c5 2. c3 g6 3. d4 cxd4 4. cxd4 d5 5. e5 Nc6 6. Nc3 Bg7 7. Bb5 f6 8. Nf3 Bg4 9. h3 Bxf3 10. Qxf3 e6 11. exf6 Qxf6 12. Qxf6 Bxf6 13. Bxc6+ bxc6 14. Be3 Rb8 15. 0-0-0 Ne7 16. g4 c5 17. dxc5 Nc6 18. Na4 0-0 19. f4 Bd4 20. Bd2 g5 21. Rhe1 gxf4 22. Rxe6 Nb4 23. Bxb4 Rxb4 24. b3 Be3+ 25. Kc2 Re4 26. Rxe4 dxe4 27. Nc3 Re8 28. Nd5 Rf8 29. Nxe3 fxe3 30. Kc3 1-0

[Event "Dallas UTD-B"]
[Site "Dallas"]
[Date "2009.11.26"]
[Round "6"]
[White "Bantic, Mihail"]
[Black "Yeager, Daniel A"]
[Result "1/2-1/2"]
[WhiteElo "2216"]
[BlackElo "2259"]
[PlyCount "65"]
[EventDate "2009.11.21"]
[EventType "tourn"]
[EventRounds "9"]
[EventCountry "USA"]
[EventCategory "2"]
[SourceTitle "CBM 133 Extra"]
[Source "ChessBase"]
[SourceDate "2010.01.05"]
[SourceVersion "1"]
[SourceVersionDate "2010.01.05"]
[SourceQuality "1"]

1. d4 c5 2. d5 e6 3. c4 exd5 4. cxd5 d6 5. Nc3 g6 6. e4 Bg7 7. Bc4 Nf6 8. Nge2 0-0 9. 0-0 Nh5 10. Nf4 Nxf4 11. Bxf4 a6 12. a4 Qe7 13. e5 Bxe5 14. Bxe5 Qxe5 15. Re1 Qf6 16. Ne4 Qd8 17. Qf3 Nd7 18. Nxd6 Ne5 19. Rxe5 Qxd6 20. Rae1 Bd7 21. a5 Bb5 22. Qb3 Bxc4 23. Qxc4 Rab8 24. g3 b5 25. axb6 Rxb6 26. Re8 Rb4 27. Rxf8+ Kxf8 28. Qc3 Rd4 29. b4 Qxd5 30. bxc5 Qc4 31. Qxc4 Rxc4 32. Ra1 Rxc5 33. Rxa6 1/2-1/2

[Event "Dallas UTD-B"]
[Site "Dallas"]
[Date "2009.11.21"]
[Round "1"]
[White "Yeager, Daniel A"]
[Black "Hughes, Tyler B"]
[Result "1-0"]
[WhiteElo "2259"]
[BlackElo "2281"]
[PlyCount "77"]
[EventDate "2009.11.21"]
[EventType "tourn"]
[EventRounds "9"]
[EventCountry "USA"]
[EventCategory "2"]
[SourceTitle "CBM 133 Extra"]
[Source "ChessBase"]
[SourceDate "2010.01.05"]
[SourceVersion "1"]
[SourceVersionDate "2010.01.05"]
[SourceQuality "1"]

1. e4 c5 2. d3 Nc6 3. Nd2 g6 4. Be2 Bg7 5. Ngf3 d6 6. 0-0 e5 7. c3 Nge7 8. a3 0-0 9. b4 h6 10. Bb2 f5 11. Qb3+ Kh7 12. Rfd1 g5 13. exf5 Nxf5 14. bxc5 d5 15. d4 e4 16. Ne5 Nh4 17. c4 Qf6 18. Rf1 Nf5 19. Nxc6 bxc6 20. cxd5 cxd5 21. Qxd5 Rb8 22. Rab1 Bb7 23. Qc4 Qg6 24. d5 Bxb2 25. Rxb2 Bxd5 26. Qc3 Rbe8 27. Bc4 Ba8 28. Re1 Nh4 29. Nf1 Re7 30. Ne3 g4 31. Rd1 Rg7 32. Rbd2 Re8 33. Rd6 Qg5 34. Qf6 Qxf6 35. Rxf6 Re5 36. Rdd6 Rh5 37. Bf7 Rxf7 38. Rxf7+ Kg8 39. Rxa7 1-0

[Event "Dos Hermanas Internet qual-E 10th"]
[Site "ICC INT"]
[Date "2009.03.15"]
[Round "8"]
[White "Narayanan, Srinath"]
[Black "Yeager, Daniel A"]
[Result "1-0"]
[WhiteElo "2226"]
[BlackElo "2335"]
[PlyCount "85"]
[EventDate "2009.03.15"]
[EventType "swiss (blitz)"]
[EventRounds "12"]
[EventCountry "ESP"]
[SourceTitle "CBM 129 Extra"]
[Source "ChessBase"]
[SourceDate "2009.05.05"]
[SourceVersion "2"]
[SourceVersionDate "2009.05.20"]
[SourceQuality "1"]

1. e4 c5 2. Nf3 d6 3. d4 cxd4 4. Nxd4 Nf6 5. Nc3 a6 6. Bc4 e6 7. Bb3 b5 8. 0-0 Be7 9. Qf3 Qb6 10. Be3 Qb7 11. Rad1 Nbd7 12. Qg3 0-0 13. f3 Ne5 14. Kh1 Bd7 15. Bg5 b4 16. Nce2 a5 17. c3 a4 18. Bc2 a3 19. bxa3 bxc3 20. Nxc3 Rxa3 21. Bb3 Rc8 22. Nce2 Ba4 23. Nf4 Bxb3 24. axb3 Kh8 25. Bxf6 Bxf6 26. Nh5 Rg8 27. Nxf6 gxf6 28. Qh4 Qe7 29. Rd2 Ng6 30. Qh6 Ne5 31. Rc1 Raa8 32. Rdc2 Rg6 33. Qh4 Rag8 34. h3 Nd3 35. Rd1 Nb4 36. Rcd2 Qa7 37. Nb5 Qe3 38. Nxd6 R8g7 39. Ne8 Nd3 40. Nxg7 Nf4 41. Nh5 Nxg2 42. Rd8+ Rg8 43. Qxf6# 1-0

[Event "Dos Hermanas Internet qual-E 10th"]
[Site "ICC INT"]
[Date "2009.03.15"]
[Round "2"]
[White "Popovic, Dusan"]
[Black "Yeager, Daniel A"]
[Result "1-0"]
[WhiteElo "2554"]
[BlackElo "2335"]
[PlyCount "81"]
[EventDate "2009.03.15"]
[EventType "swiss (blitz)"]
[EventRounds "12"]
[EventCountry "ESP"]
[SourceTitle "CBM 129 Extra"]
[Source "ChessBase"]
[SourceDate "2009.05.05"]
[SourceVersion "2"]
[SourceVersionDate "2009.05.20"]
[SourceQuality "1"]

1. e4 c5 2. Nf3 d6 3. Bc4 e6 4. 0-0 Nf6 5. Re1 a6 6. d3 Be7 7. Bb3 Nc6 8. c3 d5 9. e5 Nd7 10. d4 c4 11. Bc2 b5 12. Nbd2 Bb7 13. Nf1 Qb6 14. Ng3 0-0-0 15. b3 Na5 16. Bg5 Bxg5 17. Nxg5 Rdf8 18. Nh5 g6 19. Nf6 Nxf6 20. exf6 Qd6 21. Qg4 Kb8 22. Nf3 Nc6 23. bxc4 dxc4 24. Be4 Nd8 25. Ne5 Nc6 26. Qf4 Nxe5 27. dxe5 Qc5 28. a4 Bxe4 29. Qxe4 Qd5 30. Qe3 Qb7 31. axb5 axb5 32. Ra5 Rd8 33. h4 Rd3 34. Qc5 Rc8 35. Qb4 Rd5 36. Rea1 Rxe5 37. Qa3 Qc6 38. Ra8+ Kc7 39. Qe7+ Qd7 40. R8a7+ Kb6 41. R1a6# 1-0

[Event "Dos Hermanas Internet qual-E 10th"]
[Site "ICC INT"]
[Date "2009.03.15"]
[Round "5"]
[White "Yeager, Daniel A"]
[Black "Praveen Kumar, Chandrasekar"]
[Result "1-0"]
[WhiteElo "2335"]
[BlackElo "2360"]
[PlyCount "71"]
[EventDate "2009.03.15"]
[EventType "swiss (blitz)"]
[EventRounds "12"]
[EventCountry "ESP"]
[SourceTitle "CBM 129 Extra"]
[Source "ChessBase"]
[SourceDate "2009.05.05"]
[SourceVersion "2"]
[SourceVersionDate "2009.05.20"]
[SourceQuality "1"]

1. d4 e6 2. c4 Nf6 3. g3 c5 4. d5 exd5 5. cxd5 d6 6. Nc3 g6 7. Bg2 Bg7 8. Nf3 0-0 9. 0-0 a6 10. a4 Nbd7 11. Bf4 Ne8 12. e4 Rb8 13. Re1 b5 14. axb5 axb5 15. e5 dxe5 16. Nxe5 Nxe5 17. Bxe5 Bxe5 18. Rxe5 Nd6 19. Qe2 Bf5 20. Re1 c4 21. Ne4 Bxe4 22. Bxe4 b4 23. Bg2 Qb6 24. Qe3 Qxe3 25. R5xe3 Rfc8 26. Rc1 c3 27. bxc3 b3 28. Rb1 Nc4 29. Re2 Na3 30. Rbb2 Rxc3 31. d6 Rc1+ 32. Bf1 Nc4 33. d7 Rd1 34. Re8+ Kg7 35. Rxb8 Nxb2 36. d8Q 1-0

[Event "Dos Hermanas Internet qual-D 10th"]
[Site "ICC INT"]
[Date "2009.03.14"]
[Round "4"]
[White "Georgiadis, Ioannis"]
[Black "Yeager, Daniel A"]
[Result "1-0"]
[WhiteElo "2383"]
[BlackElo "2335"]
[PlyCount "100"]
[EventDate "2009.03.14"]
[EventType "swiss (blitz)"]
[EventRounds "12"]
[EventCountry "ESP"]
[SourceTitle "EXT 2010"]
[Source "ChessBase"]
[SourceDate "2010.11.25"]
[SourceVersion "1"]
[SourceVersionDate "2010.11.25"]
[SourceQuality "1"]

1. e4 c5 2. Nf3 d6 3. d4 cxd4 4. Nxd4 Nf6 5. Nc3 a6 6. Bg5 e6 7. f4 Nbd7 8. Qf3 Qc7 9. 0-0-0 b5 10. Bd3 Bb7 11. Rhe1 Qb6 12. Nd5 Qxd4 13. Bxf6 gxf6 14. Bxb5 Qc5 15. Nxf6+ Kd8 16. Nxd7 Qxb5 17. Nxf8 Rxf8 18. Qa3 Ke8 19. Qxd6 Qc6 20. Qd4 Ke7 21. f5 Rfd8 22. Qg7 Qc5 23. fxe6 Kxe6 24. Qxh7 Rac8 25. Qh3+ Ke7 26. Qh4+ Ke6 27. Qg4+ Ke7 28. Qe2 Rxd1+ 29. Rxd1 Rd8 30. Rxd8 Kxd8 31. b3 Qg1+ 32. Qd1+ Qxd1+ 33. Kxd1 Bxe4 34. g3 Ke7 35. Kd2 Ke6 36. c4 Ke5 37. Ke3 Bc6 38. g4 f6 39. h4 a5 40. h5 Be8 41. a3 Bf7 42. h6 Bg8 43. b4 axb4 44. axb4 f5 45. gxf5 Kxf5 46. b5 Ke6 47. Kd4 Kd6 48. c5+ Kc7 49. Ke5 Bh7 50. Kf6 Bd3 1-0

[Event "Dos Hermanas Internet qual-D 10th"]
[Site "ICC INT"]
[Date "2009.03.14"]
[Round "2"]
[White "Hess, Robert L"]
[Black "Yeager, Daniel A"]
[Result "1-0"]
[WhiteElo "2483"]
[BlackElo "2335"]
[PlyCount "48"]
[EventDate "2009.03.14"]
[EventType "swiss (blitz)"]
[EventRounds "12"]
[EventCountry "ESP"]
[SourceTitle "EXT 2010"]
[Source "ChessBase"]
[SourceDate "2010.11.25"]
[SourceVersion "1"]
[SourceVersionDate "2010.11.25"]
[SourceQuality "1"]

1. e4 c5 2. g3 Nc6 3. Bg2 g6 4. d3 Bg7 5. Nc3 d6 6. f4 e6 7. Nf3 Nge7 8. 0-0 0-0 9. Be3 b6 10. d4 Ba6 11. Re1 Na5 12. b3 Qc7 13. Qd2 Rac8 14. Ne2 cxd4 15. Bxd4 Qxc2 16. Qe3 Bxe2 17. Rxe2 Bxd4 18. Nxd4 Qc5 19. Rd1 e5 20. Nc2 Rfd8 21. Red2 Nac6 22. Kf2 Rc7 23. Qxc5 bxc5 24. Rxd6 Rcd7 1-0

[Event "Dos Hermanas Internet qual-D 10th"]
[Site "ICC INT"]
[Date "2009.03.14"]
[Round "5"]
[White "Yeager, Daniel A"]
[Black "Manotas, S Franklin"]
[Result "1-0"]
[WhiteElo "2335"]
[BlackElo "2002"]
[PlyCount "57"]
[EventDate "2009.03.14"]
[EventType "swiss (blitz)"]
[EventRounds "12"]
[EventCountry "ESP"]
[SourceTitle "EXT 2010"]
[Source "ChessBase"]
[SourceDate "2010.11.25"]
[SourceVersion "1"]
[SourceVersionDate "2010.11.25"]
[SourceQuality "1"]

1. d4 Nf6 2. c4 c5 3. d5 e6 4. Nc3 exd5 5. cxd5 d6 6. Nf3 g6 7. g3 Bg7 8. Bg2 0-0 9. 0-0 Re8 10. Nd2 Na6 11. a4 Nc7 12. Nc4 b6 13. Bf4 Bf8 14. Nb5 Nxb5 15. axb5 Nh5 16. Bd2 a5 17. bxa6 Bxa6 18. Qb3 b5 19. Na5 c4 20. Qf3 Bg7 21. Nc6 Qc7 22. Bc3 Bxc3 23. bxc3 Bb7 24. g4 Ng7 25. Rab1 Bxc6 26. dxc6 Rad8 27. Rxb5 Ne6 28. Rb7 Qa5 29. Qxf7+ 1-0

[Event "Philadelphia National op 39th"]
[Site "Philadelphia"]
[Date "2008.11.28"]
[Round "2"]
[White "Yeager, Daniel A"]
[Black "Ivanov, Alexander"]
[Result "0-1"]
[WhiteElo "2328"]
[BlackElo "2547"]
[PlyCount "50"]
[EventDate "2008.11.28"]
[EventType "swiss"]
[EventRounds "6"]
[EventCountry "USA"]
[SourceTitle "CBM 127 Extra"]
[Source "ChessBase"]
[SourceDate "2009.01.08"]
[SourceVersion "2"]
[SourceVersionDate "2009.01.28"]
[SourceQuality "1"]

1. d4 g6 2. c4 Bg7 3. Nf3 c5 4. d5 d6 5. e4 e6 6. Bd3 Nf6 7. Nc3 exd5 8. exd5 0-0 9. h3 Qe7+ 10. Kf1 Nbd7 11. Bg5 Ne5 12. Qe2 h6 13. Bh4 Qc7 14. Nxe5 dxe5 15. Nb5 Qb6 16. Qxe5 Bd7 17. a4 Bxb5 18. axb5 Rfe8 19. Qh2 Ne4 20. Bg3 Bxb2 21. Rd1 Nc3 22. Rd2 Qa5 23. f3 Ne4 24. Rxb2 Qa1+ 25. Bb1 Nxg3+ 0-1

[Event "USA tt"]
[Site "ICC INT"]
[Date "2008.09.03"]
[Round "2"]
[White "Yeager, Daniel A"]
[Black "Kaufman, Raymond"]
[Result "1-0"]
[WhiteElo "2335"]
[BlackElo "2360"]
[PlyCount "73"]
[EventDate "2008.10.22"]
[EventType "team"]
[EventRounds "10"]
[EventCountry "USA"]
[SourceTitle "CBM 126 Extra"]
[Source "ChessBase"]
[SourceDate "2008.11.05"]
[SourceVersion "1"]
[SourceVersionDate "2008.11.05"]
[SourceQuality "1"]

1. d4 d5 2. c4 c6 3. Nc3 Nf6 4. e3 e6 5. Nf3 a6 6. b3 Bb4 7. Bd2 Nbd7 8. Bd3 0-0 9. 0-0 Bd6 10. e4 dxc4 11. bxc4 e5 12. d5 cxd5 13. cxd5 Nc5 14. Bc2 b5 15. Re1 Nfd7 16. Ne2 Nb6 17. Ng3 Re8 18. Bg5 f6 19. Bc1 Bd7 20. h4 Bg4 21. Qd2 Nc4 22. Qc3 Rc8 23. Nh2 Bd7 24. Qf3 Qa5 25. Rd1 Na4 26. Bxa4 Qxa4 27. Qb3 Qa5 28. Qf3 Bc5 29. Nf5 Bxf5 30. Qxf5 Qc3 31. Bh6 gxh6 32. Ng4 Rf8 33. Nxf6+ Kg7 34. Nh5+ Kh8 35. Qd7 Rg8 36. Nf6 Bxf2+ 37. Kh1 1-0

[Event "Denker Memorial"]
[Site "Dallas"]
[Date "2008.08.05"]
[Round "6"]
[White "Yeager, Daniel A"]
[Black "Parry, Matthew"]
[Result "1-0"]
[WhiteElo "2335"]
[BlackElo "2270"]
[PlyCount "115"]
[EventDate "2008.08.02"]
[EventType "swiss (rapid)"]
[EventRounds "6"]
[EventCountry "USA"]
[SourceTitle "CBM 125 Extra"]
[Source "ChessBase"]
[SourceDate "2008.09.01"]
[SourceVersion "1"]
[SourceVersionDate "2008.09.01"]
[SourceQuality "1"]

1. d4 d5 2. c4 e6 3. Nf3 Nf6 4. g3 Bb4+ 5. Bd2 Be7 6. Bg2 0-0 7. 0-0 c6 8. Qc2 b6 9. b3 Ba6 10. a4 Nbd7 11. a5 c5 12. Nc3 bxa5 13. cxd5 exd5 14. Qa2 Qb6 15. Qxa5 Bb7 16. Na4 Qxa5 17. Bxa5 Rfe8 18. e3 Rab8 19. Rfc1 Ne4 20. Bh3 Bc6 21. Nxc5 Ndxc5 22. dxc5 Nxc5 23. Nd4 Ba8 24. b4 Nd3 25. Rc7 Rb7 26. Rxb7 Bxb7 27. Bd7 Rb8 28. Bc7 Ra8 29. b5 Nc5 30. Bc6 Bf6 31. Bxb7 Nxb7 32. Ra6 Nc5 33. Ra5 Nb7 34. Ra2 Bxd4 35. exd4 f6 36. Ra6 Rc8 37. Bf4 g5 38. Be3 Rb8 39. Rxf6 Nd8 40. Rd6 Kf7 41. Bxg5 Ne6 42. Rxd5 Kg6 43. h4 h5 44. Be3 Nc7 45. Rg5+ Kf6 46. Bf4 Rb7 47. Bxc7 Rxc7 48. Rxh5 Rb7 49. Rc5 Rd7 50. Rc4 Rb7 51. Ra4 Ke6 52. Kg2 Kd5 53. h5 Rxb5 54. Rxa7 Kxd4 55. g4 Ke5 56. Rf7 Ke6 57. Rf4 Rb3 58. f3 1-0

[Event "World op 36th"]
[Site "Philadelphia"]
[Date "2008.07.04"]
[Round "4"]
[White "Yeager, Daniel A"]
[Black "Friedel, Joshua E"]
[Result "0-1"]
[WhiteElo "2335"]
[BlackElo "2524"]
[PlyCount "76"]
[EventDate "2008.07.02"]
[EventType "swiss"]
[EventRounds "9"]
[EventCountry "USA"]
[SourceTitle "CBM 125 Extra"]
[Source "ChessBase"]
[SourceDate "2008.09.01"]
[SourceVersion "1"]
[SourceVersionDate "2008.09.01"]
[SourceQuality "1"]

1. d4 Nf6 2. c4 e6 3. g3 d5 4. Nf3 Be7 5. Bg2 0-0 6. 0-0 dxc4 7. Qc2 a6 8. a4 Bd7 9. Qxc4 Bc6 10. Bg5 Bd5 11. Qd3 c5 12. Nc3 Bc6 13. Rfd1 cxd4 14. Nxd4 Bxg2 15. Kxg2 Nbd7 16. e4 Qb6 17. Qe2 h6 18. Be3 Nc5 19. e5 Nfd7 20. f4 Rfd8 21. Rab1 Nb3 22. Nxb3 Qxb3 23. Rd3 Nc5 24. Bxc5 Rxd3 25. Qxd3 Bxc5 26. Qd1 Qb4 27. Qc2 Rc8 28. Ne4 Bf8 29. Nc3 Qc4 30. Rd1 Bb4 31. Rd3 g6 32. Qd1 Kg7 33. Qf3 Qb3 34. Qxb7 Qc2+ 35. Kh3 Qxd3 36. Qxc8 Qf1+ 37. Kh4 Be7+ 38. Kg4 h5# 0-1

[Event "Foxwoods op 10th"]
[Site "Ledyard"]
[Date "2008.03.22"]
[Round "6"]
[White "Charbonneau, Pascal"]
[Black "Yeager, Daniel A"]
[Result "1-0"]
[WhiteElo "2496"]
[BlackElo "2265"]
[PlyCount "55"]
[EventDate "2008.03.19"]
[EventType "swiss"]
[EventRounds "9"]
[EventCountry "USA"]
[SourceTitle "CBM 123 Extra"]
[Source "ChessBase"]
[SourceDate "2008.05.06"]
[SourceVersion "1"]
[SourceVersionDate "2008.05.06"]
[SourceQuality "1"]

1. e4 c5 2. b3 d6 3. Bb2 Nf6 4. Nc3 e5 5. Bc4 Be7 6. Nge2 Be6 7. 0-0 g5 8. d3 Qd7 9. a4 h5 10. a5 h4 11. Bb5 Nc6 12. a6 b6 13. Na4 Rc8 14. d4 cxd4 15. c3 dxc3 16. Naxc3 Kf8 17. Nd5 Qd8 18. Rc1 Nb8 19. Qd3 Bxd5 20. exd5 Rc5 21. Nc3 Kg7 22. b4 Rc8 23. f3 Qg8 24. Qd2 Nh5 25. Bd3 Rc7 26. Nb5 Rxc1 27. Rxc1 Nxa6 28. Nxd6 1-0

[Event "Foxwoods op 10th"]
[Site "Ledyard"]
[Date "2008.03.21"]
[Round "5"]
[White "Yeager, Daniel A"]
[Black "Lenderman, Aleksandr"]
[Result "1/2-1/2"]
[WhiteElo "2265"]
[BlackElo "2427"]
[PlyCount "80"]
[EventDate "2008.03.19"]
[EventType "swiss"]
[EventRounds "9"]
[EventCountry "USA"]
[SourceTitle "CBM 123 Extra"]
[Source "ChessBase"]
[SourceDate "2008.05.06"]
[SourceVersion "1"]
[SourceVersionDate "2008.05.06"]
[SourceQuality "1"]

1. d4 d5 2. c4 c6 3. Nc3 Nf6 4. e3 Bf5 5. cxd5 Nxd5 6. Nf3 e6 7. Bd3 Bb4 8. 0-0 Bxc3 9. bxc3 Nxc3 10. Qc2 Bxd3 11. Qxd3 Nd5 12. Ba3 Nd7 13. e4 Ne7 14. d5 Nf6 15. Qb3 Qb6 16. Qa4 Qb5 17. Qxb5 cxb5 18. dxe6 Nc6 19. e5 Ng4 20. Ng5 b4 21. exf7+ Ke7 22. Bb2 Rad8 23. h3 Nh6 24. e6 Nf5 25. Rad1 Nfd4 26. Rfe1 Rd5 27. Nf3 Nxf3+ 28. gxf3 Rhd8 29. Rxd5 Rxd5 30. f4 Kf8 31. Kg2 a5 32. Re3 Ne7 33. a3 Nf5 34. Re2 Ne7 35. axb4 axb4 36. Re3 b5 37. Re4 Nc6 38. Re3 Ne7 39. Re4 Nc6 40. Re3 Ne7 1/2-1/2